| 000 | 00691cam a22002293a 4500 | ||
|---|---|---|---|
| 001 | 31169 | ||
| 003 | PGUSA | ||
| 005 | 20140828083656.0 | ||
| 008 | 100203s2010||||xxu|||||s|||||000 | eng d | ||
| 040 |
_aPGUSA _beng |
||
| 042 | _adc | ||
| 050 | 4 | _aBV | |
| 245 | 1 | 4 |
_aThe American Missionary — Volume 39, No. 08, August, 1885 _h[electronic resource] / _cVarious |
| 260 |
_bProject Gutenberg, _c2010 |
||
| 506 | _aPublic domain in the USA. | ||
| 516 | _aElectronic text | ||
| 653 | _aHome missions -- Periodicals | ||
| 653 | _aCongregational churches -- Missions -- Periodicals | ||
| 830 | 0 |
_aProject Gutenberg _v31169 |
|
| 856 | 4 | 0 | _uhttp://www.gutenberg.org/ebooks/31169 |
| 942 | _cEB | ||
| 999 |
_c260424 _d260424 |
||